| 000 | 00467nam a2200169Ia 4500 | ||
|---|---|---|---|
| 008 | 230917s9999||||xx |||||||||||||| ||und|| | ||
| 020 | _cRS895 | ||
| 040 |
_e240863 _aMAIN |
||
| 041 | _aEnglish | ||
| 082 | _a327.54073 P13B | ||
| 100 | _aPadam Singh | ||
| 245 | 0 | _aBharat ki parmanu niti aur Bharat-America sambandh | |
| 260 |
_aNew Delhi _bArjun Publishing _c2014 |
||
| 300 | _a320 p. | ||
| 500 | _a2752 28/06/2017 HBD17/6999 29/06/2017 Main Budget | ||
| 942 | _cBK | ||
| 999 |
_c22937 _d22937 |
||